00256nam a2200097Ia 4500008004100000082000800041100001500049245007300064942000600137999001500143240331s9999 xx 000 0 und d bCEN aCenwor. ed 0aSecondnational convention on women's studies :bwomen in literature  cL c5471d5471